Hương hoa đất nước Nghiên cứu - tiểu luận
Các bài tiểu luận của các tác giả về các nhà văn, nhà thơ Nguyễn trãi, Lê Qui Đôn, Nguyễn Du, Đặng Thai Mai, Hồ chí Minh. Truyền thống văn học của người dân Việt Nam với việc nghiên cứu sưu tầm di sản văn hoá dân tộc
সংরক্ষণ করুন:
| প্রধান লেখক: | |
|---|---|
| বিন্যাস: | গ্রন্থ |
| ভাষা: | Vietnamese |
| প্রকাশিত: |
H.
Văn học
1979
|
| বিষয়গুলি: | |
| ট্যাগগুলো: |
ট্যাগ যুক্ত করুন
কোনো ট্যাগ নেই, প্রথমজন হিসাবে ট্যাগ করুন!
|
| Thư viện lưu trữ: | Mạng thư viện Đại học Đà Nẵng |
|---|
| LEADER | 01497nam a2200397 4500 | ||
|---|---|---|---|
| 001 | 000004039 | ||
| 003 | 167 | ||
| 005 | 20121211001241.0 | ||
| 008 | 110714s1979 viesd | ||
| 020 | |c 16000 | ||
| 041 | 0 | |a vie | |
| 082 | |a 895.9224 |b TR-C | ||
| 100 | 0 | |a Trường Chính | |
| 245 | 0 | |a Hương hoa đất nước |b Nghiên cứu - tiểu luận |c Trường Chính | |
| 260 | |a H. |b Văn học |c 1979 | ||
| 300 | |a 307tr |c 19cm | ||
| 520 | |a Các bài tiểu luận của các tác giả về các nhà văn, nhà thơ Nguyễn trãi, Lê Qui Đôn, Nguyễn Du, Đặng Thai Mai, Hồ chí Minh. Truyền thống văn học của người dân Việt Nam với việc nghiên cứu sưu tầm di sản văn hoá dân tộc | ||
| 653 | |a Nghiên cứu văn học | ||
| 653 | |a tiểu luận | ||
| 653 | |a Lê Quí Đôn | ||
| 653 | |a Đặng Thai Mai | ||
| 653 | |a Hồ Chí Minh | ||
| 653 | |a Nguyễn Du | ||
| 653 | |a Nguyễn Trãi | ||
| 653 | |a Việt Nam | ||
| 910 | |a Nguyễn Thị Kim Oanh |d 14/ 07/ 2011 | ||
| OWN | |a LSP | ||
| AVA | |a UDN50 |b LSP |d 895.9224 TR-C |e available |t Error 5001 Not defined in file expand_doc_bib_avail. |f 3 |g 1 |h N |i 0 |k 1 | ||
| 999 | |a From the UDN01 | ||
| AVA | |a UDN50 |b LSP |d 895.9224 TR-C |e available |t Error 5001 Not defined in file expand_doc_bib_avail. |f 3 |g 1 |h N |i 0 |k 1 | ||
| TYP | |a Monograph | ||
| TYP | |a Printed language | ||
| 980 | |a Mạng thư viện Đại học Đà Nẵng | ||